Cognitive psychology / (Record no. 23316)
[ view plain ]
| 000 -LEADER | |
|---|---|
| fixed length control field | 00878cam a22002895a 4500 |
| 001 - CONTROL NUMBER | |
| control field | 016627770 |
| 003 - CONTROL NUMBER IDENTIFIER | |
| control field | OSt |
| 005 - DATE AND TIME OF LATEST TRANSACTION | |
| control field | 20170213125252.0 |
| 008 - FIXED-LENGTH DATA ELEMENTS--GENERAL INFORMATION | |
| fixed length control field | 140129t2014 enka frb 001 0 eng d |
| 020 ## - INTERNATIONAL STANDARD BOOK NUMBER | |
| International Standard Book Number | 9780077122669 |
| 020 ## - INTERNATIONAL STANDARD BOOK NUMBER | |
| International Standard Book Number | 0077122666 |
| 040 ## - CATALOGING SOURCE | |
| Original cataloging agency | StDuBDS |
| Language of cataloging | eng |
| Transcribing agency | StDuBDS |
| Modifying agency | Uk |
| -- | EG-ScBUE |
| 082 04 - DEWEY DECIMAL CLASSIFICATION NUMBER | |
| Classification number | 153 |
| Edition number | 22 |
| Item number | GIL |
| 100 1# - MAIN ENTRY--PERSONAL NAME | |
| Personal name | Gilhooly, K. J. |
| 245 10 - TITLE STATEMENT | |
| Title | Cognitive psychology / |
| Statement of responsibility, etc | Ken Gilhooly, Fiona Lyddy, Frank Pollick. |
| 260 ## - PUBLICATION, DISTRIBUTION, ETC. (IMPRINT) | |
| Place of publication, distribution, etc | London : |
| Name of publisher, distributor, etc | McGraw-Hill Higher Education, |
| Date of publication, distribution, etc | c.2014. |
| 300 ## - PHYSICAL DESCRIPTION | |
| Extent | xxi, 553 p. : |
| Other physical details | ill. ; |
| Dimensions | 26 cm. |
| 504 ## - BIBLIOGRAPHY, ETC. NOTE | |
| Bibliography, etc | Includes bibliographical references and indexes. |
| 650 #7 - SUBJECT ADDED ENTRY--TOPICAL TERM | |
| Topical term or geographic name as entry element | Cognitive psychology. |
| Source of heading or term | BUEsh |
| 9 (RLIN) | 33178 |
| 650 #7 - SUBJECT ADDED ENTRY--TOPICAL TERM | |
| Topical term or geographic name as entry element | Kognitiv psykologi. |
| Source of heading or term | BUEsh |
| 651 ## - SUBJECT ADDED ENTRY--GEOGRAPHIC NAME | |
| Source of heading or term | BUEsh |
| 653 ## - INDEX TERM--UNCONTROLLED | |
| Resource For college | Humanities: Psychology |
| Arrived date list | November2016 |
| 653 ## - INDEX TERM--UNCONTROLLED | |
| Resource For college | Generalities |
| Arrived date list | February2017 |
| 700 1# - ADDED ENTRY--PERSONAL NAME | |
| Personal name | Lyddy, Fiona M. |
| 700 1# - ADDED ENTRY--PERSONAL NAME | |
| Personal name | Pollick, Frank. |
| 942 ## - ADDED ENTRY ELEMENTS (KOHA) | |
| Source of classification or shelving scheme | Dewey Decimal Classification |
| Withdrawn status | Item status | Source of classification or shelving scheme | Damaged status | Not for loan | Vendor | Home library | Current library | Shelving location | Date acquired | Source of acquisition | Cost, normal purchase price | Serial Enumeration / chronology | Total Checkouts | Total Renewals | Full call number | Barcode | Checked out | Date last seen | Date last borrowed | Cost, replacement price | Koha item type |
|---|---|---|---|---|---|---|---|---|---|---|---|---|---|---|---|---|---|---|---|---|---|
| Dewey Decimal Classification | Baccah | Central Library | Central Library | Lower Floor | 24/11/2016 | Purchase | 394.00 | 25135 | 2 | 4 | 153 GIL | 000040021 | 08/11/2023 | 03/11/2021 | 03/11/2021 | 492.50 | Book - Borrowing | ||||
| Dewey Decimal Classification | Alahram | Central Library | Central Library | Lower Floor | 13/02/2017 | Purchase | 390.00 | 21039 | 4 | 4 | 153 GIL | 000045447 | 01/10/2024 | 29/04/2023 | 29/04/2023 | 487.50 | Book - Borrowing |